Rozvoj riadenia pracovných kolektívov v etape budovania rozvinutej socialistickej spoločnosti správa za 1. etapu riešenia ŠPEV 904-113-207/05

Saved in:
Bibliographic Details
Format: Book
Language:Slovak
Published: Bratislava VŠE 1987
Tags: Add Tag
No Tags, Be the first to tag this record!

MARC

LEADER 00000nam a2200000 4500
001 c038082
005 20260325111606.3
041 0 |a slo 
044 |a SK 
245 1 0 |a Rozvoj riadenia pracovných kolektívov v etape budovania rozvinutej socialistickej spoločnosti  |b správa za 1. etapu riešenia ŠPEV 904-113-207/05 
264 1 |a Bratislava  |b VŠE  |c 1987 
300 |a 142 s.